Qué es eso? /

Guardado en:
Autor Corporativo: Videopedia Britannica.
Formato: Deslizar
Materias:
Etiquetas: Agregar Etiqueta
Sin Etiquetas, Sea el primero en etiquetar este registro!
LEADER 00690ngm a22002175g 4500
001 CEM.cems021579
008 130507b199?##################0###0#####d
005 20240828185829.0
245 1 0 |a Qué es eso? /  |c Videopedia Britannica 
300 |a 8 
500 |a En soporte VHS, consultar en ventanilla. 
505 0 |a Cuento infantil. 
538 |a Soporte: VHS - Norma: Pal N - Color - Compra CEMS - Hitachi=1140 
110 2 |a Videopedia Britannica. 
082 8 0 |/ VID-1 
653 |a LITERATURA INFANTIL 
653 |a CUENTOS INFANTILES 
653 |a LITERATURA 
653 |a NIVEL INICIAL 
653 |a NIVEL PRIMARIO 
859 |a CEMS  |b BIB. CEMS - Depto. Recursos Didacticos  |h 800  |i VID-1  |k DRD  |p 222.12  |t Ej.1